| 000 | 01441cam a2200373 a 4500 | ||
|---|---|---|---|
| 999 |
_c3966 _d3966 |
||
| 001 | 13175657 | ||
| 003 | Nust | ||
| 005 | 20170105101617.0 | ||
| 008 | 030425s2003 nyu 000 1 eng | ||
| 010 | _a 2003051846 | ||
| 020 | _a0345460030 (alk. paper) | ||
| 040 |
_aDLC _cDLC _dDLC |
||
| 043 | _ae-gx--- | ||
| 050 | 0 | 0 |
_aPS3602.E764 _bA83 2003 |
| 082 | 0 | 0 |
_a813.6 _221 _bBER |
| 100 | 1 |
_aBerry, Steve, _d1955- |
|
| 245 | 1 | 4 |
_aThe Amber Room / _cSteve Berry. |
| 250 | _a1st ed. | ||
| 260 |
_aNew York : _bBallantine Books, _c2003. |
||
| 300 |
_a389 p. ; _c25 cm. |
||
| 650 | 0 |
_aWomen judges _vFiction. |
|
| 650 | 0 |
_aDivorced people _vFiction. |
|
| 650 | 0 |
_aAmber art objects _vFiction. |
|
| 650 | 0 |
_aArt treasures in war _vFiction. |
|
| 650 | 0 |
_aAmericans _zGermany _vFiction. |
|
| 650 | 0 |
_aWorld War, 1939-1945 _xArt and the war _vFiction. |
|
| 655 | 7 |
_aSuspense fiction. _2gsafd |
|
| 856 | 4 | 2 |
_3Contributor biographical information _uhttp://www.loc.gov/catdir/bios/random051/2003051846.html |
| 856 | 4 | 1 |
_3Sample text _uhttp://www.loc.gov/catdir/samples/random045/2003051846.html |
| 856 | 4 | 2 |
_3Publisher description _uhttp://www.loc.gov/catdir/description/random0415/2003051846.html |
| 906 |
_a7 _bcbc _corignew _d1 _eocip _f20 _gy-gencatlg |
||
| 942 |
_2ddc _cBK |
||